• 首页
  • 本馆介绍
  • 公告通知
  • 最新文献
  • 馆藏检索
  • 电子资源
  • 读者导购
  • 参考咨询
  • 我的图书馆
  • 登录
  • 详细信息显示
  • 放入我的书架
  • 预约/预借图书
  • 作者相关作品
  • 分类相关作品
  • 丛书相关作品
  • 出版社相关作品

书目信息

  • 表格格式
  • 工作单格式
  • 卡片格式
题名:
市场调查与预测
    
 
作者: 雷江 主编
分册:  
出版信息: 北京   北京理工大学出版社有限责任公司  2017.08
页数: 219页
开本: 26cm
丛书名:
单 册:
中图分类: F713.52
科图分类:
主题词: 市场调查 , 市场预测
电子资源:
ISBN: 978-7-5682-4649-1
000 00799nam0 2200241 450
001 259
005 20180921152726.63
010    @a978-7-5682-4649-1@dCNY36.50
100    @a20180513d2017 em y0chiy50 ea
101 0  @achi
102    @aCN@b110000
105    @ay z 000yy
200 1  @a市场调查与预测@9shi chang diao cha yu yu ce@f雷江,黎芳霞主编
210    @a北京@c北京理工大学出版社有限责任公司@d2017.08
215    @a219页@d26cm
330    @a本书包括市场调查与与市场预测两大部分,共分为五篇,分别为市场调查基础、调查方案设计、调查组织与实施、市场预测和市场调查报告。
510 1  @aMarket research and forecasting@zeng
606 0  @a市场调查
606 0  @a市场预测
690    @aF713.52@v5
701  0 @a雷江@9lei jiang@4主编
801  0 @aCN@b91MARC@c20180513
905    @aMuseLib@dF713.52@e1051
    
    市场调查与预测/雷江,黎芳霞主编.-北京:北京理工大学出版社有限责任公司,2017.08
    219页;26cm
    
    
    ISBN 978-7-5682-4649-1:CNY36.50
    本书包括市场调查与与市场预测两大部分,共分为五篇,分别为市场调查基础、调查方案设计、调查组织与实施、市场预测和市场调查报告。
●
相关链接 在E读中查询图书 在五车中查询图书 在当当中查询图书 在豆瓣中查询图书


正题名:市场调查与预测     索取号:F713.52/1051         预约/预借

序号 登录号 条形码 馆藏地/架位号 状态 备注
1 1119029   211190290   第一样本阅览室/ [索取号:F713.52/1051] 在馆    
2 1119030   211190307   密集书库-数信学院/ [索取号:F713.52/1051] 在馆    
3 1119031   211190316   第一借阅区/ [索取号:F713.52/1051] 在馆    
4 1119032   211190325   第一借阅区/ [索取号:F713.52/1051] 在馆    
5 1119033   211190334   第一借阅区/ [索取号:F713.52/1051] 在馆    
唐山师范学院图书馆 欢迎您!
大连网信软件有限公司© 版权所有